000 00445 a2200157 4500
001 71019
020 _a9788576669845
040 _cAnchieta - Itaigara
100 _aVillacampa, Vicente
240 1 0 _aAtlas básico de história universal
_lpor
245 1 0 _aAtlas básico de história universal
300 _a96p.
362 0 _a2007
650 4 _aRepresentações gráficas da superficie da terra e do mundo extraterrestre.Atlas
942 _cBK
999 _c71019
_d71019